Cities with 10 million people - Sudden Death - Statistics

General Stats
  • This quiz has been taken 180 times
  • The average score is 4 of 14
Answers on the Grid
Answers color-coded by a green-red scale on the quiz's grid according to % correct below.
Rio De Janeiro
Cairo
Mexico City
Dhaka
Chongqing
Lahore
Kinshasa
Kolkata
Manila
Bogota
Lima
Moscow
Jakarta
New York City
Hong Kong
Santiago
Khartoum
Johannesburg
Singapore
Addis Ababa
Alexandria
Saint Petersburg
Nairobi
Istanbul
 
Answer Stats
Answer % Correct
Mexico City
59%
Cairo
44%
Jakarta
42%
Istanbul
41%
Rio De Janeiro
39%
Moscow
38%
Manila
35%
Dhaka
34%
Kolkata
26%
Kinshasa
23%
Chongqing
19%
Lahore
18%
Bogota
16%
Lima
11%
No matching quizzes found
Score Distribution
Percent of People with Each Score
Percentile by Number Answered
Your Score History
You have not taken this quiz